Jawaharlal Nehru : (Record no. 134697)

MARC details
000 -LEADER
fixed length control field 00722nam a22002297a 4500
005 - DATE AND TIME OF LATEST TRANSACTION
control field 20170124110232.0
010 ## - LIBRARY OF CONGRESS CONTROL NUMBER
LC control number A-710351
020 ## - INTERNATIONAL STANDARD BOOK NUMBER
Terms of availability 40.00
International Standard Book Number 19561321X
035 ## - SYSTEM CONTROL NUMBER
System control number A-710351
037 ## - SOURCE OF ACQUISITION
Source of stock number/acquisition Cen Lib/Ret
040 ## - CATALOGING SOURCE
Original cataloging agency DPL
Language of cataloging EN
082 ## - DEWEY DECIMAL CLASSIFICATION NUMBER
Classification number 921
Item number NEH
100 ## - MAIN ENTRY--PERSONAL NAME
Personal name Nehru, Jawaharlal
9 (RLIN) 30379
245 ## - TITLE STATEMENT
Title Jawaharlal Nehru :
Statement of responsibility, etc by Jawaharlal Nehru
Remainder of title an autobiography /
260 ## - PUBLICATION, DISTRIBUTION, ETC. (IMPRINT)
Place of publication, distribution, etc New Delhi
Name of publisher, distributor, etc Jawaharlal Nehru Memorial Fund
Date of publication, distribution, etc 1987
270 ## - ADDRESS
City New Delhi
Address Teen Murti House
Postal code 110001
300 ## - PHYSICAL DESCRIPTION
Extent xvi, 623p.
Dimensions 21cm(pbk)
500 ## - GENERAL NOTE
General note Includes index
650 ## - SUBJECT ADDED ENTRY--TOPICAL TERM
Topical term or geographic name as entry element Nehru, Jawaharlal, -- 1889-1964
Chronological subdivision
9 (RLIN) 41453
650 ## - SUBJECT ADDED ENTRY--TOPICAL TERM
Topical term or geographic name as entry element Nehru, Jawaharlal -- Autobiography
9 (RLIN) 41454
942 ## - ADDED ENTRY ELEMENTS (KOHA)
Source of classification or shelving scheme Dewey Decimal Classification
Koha item type English Books
Classification part 921
Call number suffix NEH
Holdings
Withdrawn status Lost status Damaged status Not for loan Collection code Home library Current library Date acquired Source of acquisition Cost, normal purchase price Total Checkouts Full call number Barcode Date last seen Copy number Cost, replacement price Price effective from Koha item type
      Not For Loan Reference Central Library Central Library 31/07/2015 Cen Lib/Ret 40.00   921 NEH A-710351 31/07/2015 1 40.00 31/07/2015 English Books

© Delhi Public Library
Hit Counter
free hit counter